Least Catholic Countries - Statistics

General Stats
  • This quiz has been taken 4,000 times
  • The average score is 11 of 20
Answer Stats
% country % Correct
0.02 Iran
86%
0.02 Yemen
75%
0.0003 Afghanistan
74%
0.10 Oman
72%
0.02 North Korea
66%
0.07 Morocco
61%
0.01 Algeria
59%
0.001 Somalia
56%
0.05 Turkey
56%
0.01 Turkmenistan
54%
0.03 Nepal
53%
0.13 Bhutan
52%
0.01 Uzbekistan
52%
0.04 Mongolia
51%
0.10 Niger
46%
0.03 Azerbaijan
44%
0.15 Mauritania
44%
0.20 Djibouti
38%
0.02 Maldives
36%
0.16 Cambodia
32%
No matching quizzes found
Score Distribution
Percent of People with Each Score
Percentile by Number Answered
Your Score History
You have not taken this quiz